Loading...
| Auditory Arts | 3 | 20.00 | 100% | 67% | 33% |
| Beliefs | 8 | 18.75 | 100% | 88% | 0% |
| Current Events | 2 | 15.00 | 100% | 50% | 0% |
| Fine Arts - Other Arts | 4 | 22.50 | 100% | 100% | 25% |
| Geography | 2 | 10.00 | 50% | 50% | 0% |
| History - American | 4 | 10.00 | 75% | 25% | 0% |
| History - Ancient | 1 | 20.00 | 100% | 100% | 0% |
| History - European | 5 | 20.00 | 100% | 80% | 20% |
| History - Other | 2 | 15.00 | 100% | 50% | 0% |
| History - World | 3 | 26.67 | 100% | 100% | 67% |
| Literature - American | 7 | 21.43 | 100% | 100% | 14% |
| Literature - British | 5 | 18.00 | 100% | 80% | 0% |
| Literature - European | 6 | 20.00 | 100% | 83% | 17% |
| Literature - World | 7 | 20.00 | 100% | 71% | 29% |
| Philosophy | 4 | 10.00 | 100% | 0% | 0% |
| Science - Biology | 4 | 22.50 | 100% | 100% | 25% |
| Science - Chemistry | 5 | 16.00 | 100% | 60% | 0% |
| Science - Other | 6 | 16.67 | 83% | 50% | 33% |
| Science - Physics | 5 | 16.00 | 100% | 40% | 20% |
| Social Science | 6 | 10.00 | 83% | 17% | 0% |
| Visual Arts | 6 | 16.67 | 100% | 50% | 17% |